[Event "48th Italian Teams 2016"]
[Site "Civitanova Marche ITA"]
[Date "2016.04.27"]
[Round "1.1"]
[Board "1"]
[White "Bacrot, Etienne"]
[Black "Bertagnolli, Alexander"]
[Result "1/2-1/2"]
[WhiteTitle "GM"]
[BlackTitle "IM"]
[WhiteElo "2698"]
[BlackElo "2376"]
[WhiteTeam "Obiettivo Risarcimento Padova"]
[BlackTeam "Euro Scacchi Perugia"]
[WhiteFideId "605506"]
[BlackFideId "809551"]
[EventDate "2016.04.27"]

1. d4 Nf6 2. c4 c5 3. d5 b5 4. cxb5 a6 5. bxa6 g6 6. Nc3 Bg7 7. e4 O-O 8. e5 Ne8
9. Nf3 d6 10. exd6 Nxd6 11. Be2 Nxa6 12. O-O Nf5 13. Bf4 Nd4 14. a3 e6 15. Re1
exd5 16. Nxd4 cxd4 17. Nb5 Qf6 18. Bg3 Bf5 19. Bf1 Qb6 20. Rc1 Bh6 21. Ra1 Bg7
22. a4 Nb4 23. Bc7 Qb7 24. Bd6 Nc2 25. Bxf8 Bxf8 26. Nxd4 Nxe1 27. Nxf5 gxf5 28.
Qxe1 Qxb2 29. Rb1 Qa2 30. Bd3 Bg7 31. Bxf5 Qxa4 32. g3 Qd4 33. Qe2 Ra1 34. Qe8+
Bf8 35. Kg2 Rxb1 36. Bxb1 Kg7 37. Qe2 Bc5 38. Qf3 h5 39. h4 Qe5 40. Bf5 Qd4 41.
Bc2 Qf6 42. Bf5 Qd4 43. Bd3 Qf6 44. Qxd5 Bxf2 45. Qxh5 Bxg3 46. Qg4+ Kh8 47.
Qxg3 Qg7 48. Qg5 f6 1/2-1/2

[Event "48th Italian Teams 2016"]
[Site "Civitanova Marche ITA"]
[Date "2016.04.27"]
[Round "1.1"]
[Board "2"]
[White "Lodici, Lorenzo"]
[Black "Vocaturo, Daniele"]
[Result "0-1"]
[WhiteTitle "FM"]
[BlackTitle "GM"]
[WhiteElo "2371"]
[BlackElo "2562"]
[WhiteTeam "Euro Scacchi Perugia"]
[BlackTeam "Obiettivo Risarcimento Padova"]
[WhiteFideId "884189"]
[BlackFideId "813192"]
[EventDate "2016.04.27"]

1. d4 Nf6 2. c4 e6 3. Nc3 Bb4 4. e3 O-O 5. Bd3 d5 6. Nf3 c5 7. O-O b6 8. dxc5
bxc5 9. Na4 Qe7 10. Qe2 Nbd7 11. cxd5 exd5 12. b3 Re8 13. Bb2 Bb7 14. Ba6 Bc6
15. Bb5 Bxb5 16. Qxb5 c4 17. bxc4 a6 18. Qb7 dxc4 19. Bxf6 gxf6 20. Rac1 Rac8
21. Rfd1 Ne5 22. Qxe7 Bxe7 23. Rd4 Ba3 24. Rc2 Rb8 25. h4 Nd3 26. Rdxc4 Rb1+ 27.
Kh2 Rf1 28. Nd2 Rxf2 29. Rc8 Rxc8 30. Rxc8+ Kg7 31. Nc4 Rxa2 32. Nc3 Ra1 33.
Nxa3 Rxa3 34. Nd5 Ne5 35. Kg3 h5 36. Ne7 Rxe3+ 37. Kf4 Re1 38. Nf5+ Kh7 39. Ng3
Ng6+ 40. Kf5 Ne7+ 0-1

[Event "48th Italian Teams 2016"]
[Site "Civitanova Marche ITA"]
[Date "2016.04.27"]
[Round "1.1"]
[Board "3"]
[White "Dvirnyy, Danyyil"]
[Black "Paltrinieri, Nicholas"]
[Result "1-0"]
[WhiteTitle "GM"]
[WhiteElo "2555"]
[BlackElo "2209"]
[WhiteTeam "Obiettivo Risarcimento Padova"]
[BlackTeam "Euro Scacchi Perugia"]
[WhiteFideId "817570"]
[BlackFideId "828262"]
[EventDate "2016.04.27"]

1. d4 e6 2. c4 f5 3. Nc3 Nf6 4. e3 Bb4 5. Bd3 O-O 6. Ne2 d6 7. Qc2 g6 8. a3
Bxc3+ 9. Qxc3 Qe7 10. O-O b6 11. f3 Bb7 12. b3 Nbd7 13. Bb2 Rae8 14. Bc2 Qg7 15.
Qd2 Qf7 16. e4 fxe4 17. fxe4 e5 18. d5 Qg7 19. Nc3 a6 20. b4 Bc8 21. a4 Nh5 22.
Ne2 g5 23. Ba3 Qh6 24. g3 Ndf6 25. Bc1 Bh3 26. Rf3 Ng4 27. Raa3 Nxh2 28. Kxh2
Rxf3 29. Rxf3 Bg4 30. Kg2 Bxf3+ 31. Kxf3 Qf6+ 32. Kg2 h6 33. Ng1 Rf8 34. Bd3 Qg6
35. Nh3 Qf7 36. Qe2 Nf6 37. Nf2 Qd7 38. Qd1 Kg7 39. Be3 Rb8 40. Be2 a5 41. bxa5
bxa5 42. c5 dxc5 43. Bb5 Qd6 44. Qc2 Qf8 45. Bxc5 Qf7 46. Qc3 Nd7 47. Bxd7 Qxd7
48. Qxe5+ Kg6 49. g4 Qxa4 50. d6 Re8 51. Qf5+ Kg7 52. d7 1-0

[Event "48th Italian Teams 2016"]
[Site "Civitanova Marche ITA"]
[Date "2016.04.27"]
[Round "1.1"]
[Board "4"]
[White "Marsili, Riccardo"]
[Black "Rambaldi, Francesco"]
[Result "0-1"]
[BlackTitle "GM"]
[WhiteElo "2199"]
[BlackElo "2554"]
[WhiteTeam "Euro Scacchi Perugia"]
[BlackTeam "Obiettivo Risarcimento Padova"]
[WhiteFideId "832960"]
[BlackFideId "20657307"]
[EventDate "2016.04.27"]

1. c4 e5 2. g3 Nf6 3. Bg2 d5 4. cxd5 Nxd5 5. Nc3 Nb6 6. Nf3 Nc6 7. O-O Be7 8. d3
O-O 9. Be3 Re8 10. a3 Bf8 11. b4 Nd4 12. Rc1 c6 13. Ne4 a5 14. Bxd4 exd4 15. Nc5
Nd5 16. Nxd4 Nxb4 17. Nde6 fxe6 18. axb4 axb4 19. Qb3 Ra5 20. Ne4 Kh8 21. Nd2 e5
22. Nc4 Ra8 23. Qb2 Qd4 24. Qd2 Bf5 25. Qg5 Bg6 26. h4 Qd8 27. Qe3 Qf6 28. Be4
Bf7 29. Qb6 Qe7 30. Ra1 Reb8 31. Ra5 Bxc4 32. dxc4 Rxa5 33. Qxa5 Rd8 34. Qb6 Rd4
35. Bd3 Qc5 36. Qxc5 Bxc5 37. Ra1 g6 38. Ra8+ Kg7 39. Re8 Kf6 40. Kf1 b3 41. Ke1
Rxd3 0-1

[Event "48th Italian Teams 2016"]
[Site "Civitanova Marche ITA"]
[Date "2016.04.27"]
[Round "1.2"]
[Board "1"]
[White "Cebalo, Miso"]
[Black "Swiercz, Dariusz"]
[Result "0-1"]
[WhiteTitle "GM"]
[BlackTitle "GM"]
[WhiteElo "2408"]
[BlackElo "2655"]
[WhiteTeam "Il Grifone d'Arzignano"]
[BlackTeam "WorldTradingLab Club 64 Modena"]
[WhiteFideId "14500094"]
[BlackFideId "1126881"]
[EventDate "2016.04.27"]

1. d4 Nf6 2. Bg5 d5 3. e3 c5 4. Nc3 Nc6 5. dxc5 e6 6. Qf3 Bxc5 7. O-O-O Bd7 8.
Bd3 Be7 9. h4 h6 10. Bxf6 Bxf6 11. Nge2 Bxh4 12. Kb1 Bf6 13. e4 d4 14. Nb5 Qb8
15. Bc4 Na5 16. Bd3 e5 17. c3 a6 18. Na3 Nc6 19. Nc2 Qc7 20. Qg3 Rc8 21. cxd4 h5
22. Nc3 Ne7 23. Nd5 Nxd5 24. exd5 Kf8 25. Rde1 exd4 26. Qf3 h4 27. Re4 Qc5 28.
a3 Re8 29. Rf4 Kg8 30. Bf5 Bxf5 31. Rxf5 d3 32. Qxd3 Qb6 33. b4 g6 34. Rf3 Qd6
35. Ka2 Rh5 36. Ne3 Rxe3 37. fxe3 Rxd5 38. Rxf6 Rxd3 39. Rxd6 Rxd6 40. Rxh4 Rd2+
41. Kb3 Rxg2 42. Re4 Rd2 43. a4 Rd7 44. Kc4 Kg7 45. Kc5 g5 46. Kb6 f5 47. Re6 g4
48. e4 f4 49. Re5 g3 50. Rg5+ Kh6 51. Rg4 Rg7 0-1

[Event "48th Italian Teams 2016"]
[Site "Civitanova Marche ITA"]
[Date "2016.04.27"]
[Round "1.2"]
[Board "2"]
[White "Brunello, Sabino"]
[Black "Cacco, Christian"]
[Result "1-0"]
[WhiteTitle "GM"]
[BlackTitle "FM"]
[WhiteElo "2570"]
[BlackElo "2336"]
[WhiteTeam "WorldTradingLab Club 64 Modena"]
[BlackTeam "Il Grifone d'Arzignano"]
[WhiteFideId "813613"]
[BlackFideId "807338"]
[EventDate "2016.04.27"]

1. d4 c5 2. d5 d6 3. e4 g6 4. Nc3 Bg7 5. Nf3 Nf6 6. Be2 O-O 7. O-O Nbd7 8. a4 a6
9. h3 Rb8 10. Re1 Ne8 11. Bf1 e5 12. dxe6 fxe6 13. Bg5 Qb6 14. Qc1 Ne5 15. Nh2
Nf6 16. Qd2 Nf7 17. Be3 Qb4 18. f3 Nd7 19. Qc1 Qa5 20. Ng4 Nde5 21. Nf2 Bd7 22.
f4 Nc6 23. Ne2 Nd4 24. Ng3 Qd8 25. Qd1 Qh4 26. Ngh1 Qe7 27. c3 Nc6 28. Ng3 b5
29. axb5 axb5 30. Qd2 Rfd8 31. Bd3 Be8 32. Ng4 Bd7 33. Rf1 Rf8 34. e5 d5 35.
Nf6+ Bxf6 36. exf6 Qd6 37. Qf2 d4 38. cxd4 cxd4 39. Bd2 Nb4 40. Bxb4 Qxb4 41.
Ra7 Rbd8 42. Rc1 Nd6 43. Rcc7 Rf7 44. Qe2 Qb3 45. Ne4 Nxe4 46. Bxe4 Be8 47. Rxf7
Bxf7 48. Bd3 Qd5 49. Qe5 Qxe5 50. fxe5 Kf8 51. b4 Rd5 52. Ra8+ Be8 53. Be4 Rxe5
54. Bc6 Kf7 55. Rxe8 Re1+ 56. Kf2 Rb1 57. Rb8 Rxb4 58. Rxb5 Rc4 59. Be4 Kxf6 60.
Rb7 Ke5 61. Bd3 Rc3 62. Ke2 Kf4 63. Rxh7 Kg3 64. Bxg6 Kxg2 65. h4 Re3+ 66. Kd2
Kg3 67. h5 Kg4 68. Rd7 Kg5 69. Rxd4 Re5 70. Ra4 Kf6 71. Rh4 Kg5 72. Rh1 Kh6 73.
Kd3 Rd5+ 74. Ke4 Rd2 75. Ke5 Re2+ 76. Kf6 e5 77. Ra1 e4 78. Ra8 1-0

[Event "48th Italian Teams 2016"]
[Site "Civitanova Marche ITA"]
[Date "2016.04.27"]
[Round "1.2"]
[Board "3"]
[White "Luciani, Valerio"]
[Black "Ortega, Lexy"]
[Result "1/2-1/2"]
[WhiteTitle "FM"]
[BlackTitle "GM"]
[WhiteElo "2200"]
[BlackElo "2480"]
[WhiteTeam "Il Grifone d'Arzignano"]
[BlackTeam "WorldTradingLab Club 64 Modena"]
[WhiteFideId "803731"]
[BlackFideId "811416"]
[EventDate "2016.04.27"]

1. d4 d5 2. c4 c6 3. Nc3 dxc4 4. e4 b5 5. a4 b4 6. Na2 Nf6 7. e5 Nd5 8. Bxc4 e6
9. Nf3 Ba6 10. Qe2 Qa5 11. Bd2 Be7 12. Nc1 Bxc4 13. Qxc4 Qa6 14. Qe2 O-O 15. Nb3
Rc8 16. Qxa6 Nxa6 17. Ke2 c5 18. dxc5 Nxc5 19. Nxc5 Bxc5 20. Rhc1 a5 21. Rc2 b3
22. Rc4 Bb4 23. Rxc8+ Rxc8 24. Nd4 Bxd2 25. Kxd2 Nb6 26. Nxb3 Nc4+ 27. Ke2 Rb8
28. Rc1 Nxe5 29. Nxa5 Rxb2+ 30. Kf1 g5 31. Nc4 Nxc4 32. Rxc4 Ra2 33. h4 h6 34.
hxg5 hxg5 35. Rc5 Rxa4 1/2-1/2

[Event "48th Italian Teams 2016"]
[Site "Civitanova Marche ITA"]
[Date "2016.04.27"]
[Round "1.2"]
[Board "4"]
[White "Caprio, Guido"]
[Black "Simoli, Sergio"]
[Result "1/2-1/2"]
[WhiteTitle "IM"]
[WhiteElo "2429"]
[BlackElo "2270"]
[WhiteTeam "WorldTradingLab Club 64 Modena"]
[BlackTeam "Il Grifone d'Arzignano"]
[WhiteFideId "834580"]
[BlackFideId "808393"]
[EventDate "2016.04.27"]

1. d4 Nf6 2. c4 g6 3. Nc3 Bg7 4. e4 d6 5. Nf3 O-O 6. Be2 e5 7. O-O Nc6 8. d5 Ne7
9. b4 a5 10. bxa5 Rxa5 11. a4 Ne8 12. Ba3 b6 13. Bb4 Ra8 14. Nb5 h6 15. Nd2 f5
16. Ra3 Kh8 17. Bc3 Ng8 18. exf5 gxf5 19. Qa1 Ngf6 20. a5 bxa5 21. Bxa5 Bd7 22.
Bc3 Rxa3 23. Nxa3 Qe7 24. Nc2 Rg8 25. Kh1 Nh7 26. f3 Bf6 27. Ne3 Qg7 28. g4 f4
29. Nd1 h5 30. Nf2 Bh4 31. Nde4 Nef6 32. Rg1 hxg4 33. Nxg4 Bxg4 34. Nxf6 Bxf3+
35. Bxf3 Qxg1+ 36. Qxg1 Rxg1+ 37. Kxg1 Bxf6 38. Ba5 Ng5 39. Bg4 Bd8 40. c5 Ne4
41. cxd6 Nxd6 42. Bc3 Bf6 43. Ba5 Bd8 44. Bc3 1/2-1/2

[Event "48th Italian Teams 2016"]
[Site "Civitanova Marche ITA"]
[Date "2016.04.27"]
[Round "1.3"]
[Board "1"]
[White "Socko, Bartosz"]
[Black "Gilevych, Artem"]
[Result "0-1"]
[WhiteTitle "GM"]
[BlackTitle "FM"]
[WhiteElo "2584"]
[BlackElo "2394"]
[WhiteTeam "Circolo Scacchi R. Fischer Chieti"]
[BlackTeam "C.S.B. VIP Bologna"]
[WhiteFideId "1107038"]
[BlackFideId "14121379"]
[EventDate "2016.04.27"]

1. d4 d5 2. c4 dxc4 3. e3 Nf6 4. Bxc4 a6 5. Nf3 b5 6. Be2 Bb7 7. O-O e6 8. a4 b4
9. Nbd2 c5 10. Nb3 Nbd7 11. Bd2 cxd4 12. Nfxd4 e5 13. Bf3 Bxf3 14. Nxf3 Bd6 15.
Qe2 e4 16. Nfd4 Ne5 17. Rfc1 Nd3 18. Rc2 O-O 19. Nc1 Ne5 20. Ncb3 Nd3 21. Nc1
Ne5 22. f4 exf3 23. gxf3 Qd7 24. Ncb3 Rfe8 25. a5 Nd5 26. Rd1 Ng6 27. Qf2 Qh3
28. Kh1 Rad8 29. Bc1 Rd7 30. Rg1 Rc7 31. Rxc7 Bxc7 32. e4 Ndf4 33. Bxf4 Bxf4 34.
Qg2 Qd7 35. Qg4 Qc7 36. h4 Be3 37. Re1 h5 38. Qh3 Bxd4 39. Nxd4 Qxa5 40. Rg1 Qe5
41. Qd7 Nxh4 42. Rd1 Rf8 43. Qh3 Rd8 44. Qxh4 Rxd4 45. Re1 Rd2 46. f4 Qxb2 47.
e5 Qb3 48. Qxh5 Qd5+ 0-1

[Event "48th Italian Teams 2016"]
[Site "Civitanova Marche ITA"]
[Date "2016.04.27"]
[Round "1.3"]
[Board "2"]
[White "Cocchi, Andrea"]
[Black "Rombaldoni, Axel"]
[Result "0-1"]
[WhiteTitle "FM"]
[BlackTitle "GM"]
[WhiteElo "2255"]
[BlackElo "2553"]
[WhiteTeam "C.S.B. VIP Bologna"]
[BlackTeam "Circolo Scacchi R. Fischer Chieti"]
[WhiteFideId "800970"]
[BlackFideId "815837"]
[EventDate "2016.04.27"]

1. Nf3 d5 2. e3 Nf6 3. c4 g6 4. Nc3 Bg7 5. d4 O-O 6. Bd2 dxc4 7. Bxc4 Nfd7 8.
O-O c5 9. dxc5 Nxc5 10. Qe2 Nc6 11. Rfd1 Bg4 12. h3 Bxf3 13. Qxf3 Ne5 14. Qe2
Nxc4 15. Qxc4 Rc8 16. Be1 Qb6 17. Nd5 Qe6 18. Qh4 Rfe8 19. Bc3 f6 20. Qb4 b6 21.
Qb5 Red8 22. Nb4 Ne4 23. Be1 Rxd1 24. Rxd1 f5 25. b3 Bc3 26. Bxc3 Nxc3 27. Qd7
Kf7 28. Rd3 a5 29. Na6 Ne4 30. Qd4 b5 31. f3 Rc1+ 32. Rd1 Nc3 0-1

[Event "48th Italian Teams 2016"]
[Site "Civitanova Marche ITA"]
[Date "2016.04.27"]
[Round "1.3"]
[Board "3"]
[White "Rombaldoni, Denis"]
[Black "Calavalle, Giulio"]
[Result "1-0"]
[WhiteTitle "IM"]
[WhiteElo "2467"]
[BlackElo "2186"]
[WhiteTeam "Circolo Scacchi R. Fischer Chieti"]
[BlackTeam "C.S.B. VIP Bologna"]
[WhiteFideId "813575"]
[BlackFideId "806382"]
[EventDate "2016.04.27"]

1. d4 d5 2. Bf4 Nf6 3. e3 e6 4. c3 Bd6 5. Bxd6 Qxd6 6. f4 c5 7. Nd2 b6 8. Bb5+
Bd7 9. Bd3 Bc6 10. Ngf3 Nbd7 11. Ne5 O-O 12. Qf3 Ne8 13. Qh3 f5 14. g4 cxd4 15.
exd4 Nxe5 16. fxe5 Qd7 17. Nf3 g6 18. gxf5 exf5 19. Rg1 Rf7 20. O-O-O Nc7 21. e6
Nxe6 22. Ne5 Nf4 23. Qf3 Nxd3+ 24. Rxd3 Qc7 25. Nxf7 Kxf7 26. Re3 Re8 27. Rxe8
Kxe8 28. h4 Qd6 29. Re1+ Kf7 30. Re5 Qf6 31. Qf4 Kg7 32. Qg5 Kf7 33. Kd2 Qd6 34.
Qh6 Kg8 35. Qf4 Qf6 36. Re1 Kg7 37. Qc7+ Kh6 38. Re7 Kh5 39. Rf7 Qe6 40. Qf4 1-0

[Event "48th Italian Teams 2016"]
[Site "Civitanova Marche ITA"]
[Date "2016.04.27"]
[Round "1.3"]
[Board "4"]
[White "Begelman, Boris"]
[Black "Shytaj, Luca"]
[Result "1/2-1/2"]
[BlackTitle "IM"]
[WhiteElo "2200"]
[BlackElo "2446"]
[WhiteTeam "C.S.B. VIP Bologna"]
[BlackTeam "Circolo Scacchi R. Fischer Chieti"]
[WhiteFideId "34136441"]
[BlackFideId "812633"]
[EventDate "2016.04.27"]

1. e4 c5 2. Nf3 a6 3. c3 e6 4. d4 d5 5. exd5 exd5 6. Bd3 c4 7. Bc2 Bd6 8. b3
cxb3 9. axb3 Nc6 10. O-O Nge7 11. Re1 O-O 12. Nbd2 Bf5 13. Nf1 Rc8 14. Bxf5 Nxf5
15. Qd3 Qf6 16. Bd2 h6 17. b4 Na7 18. Ne5 Rfd8 19. Ne3 Ne7 20. f4 Nb5 21. Rf1
Bxe5 22. fxe5 Qg6 23. Qxg6 fxg6 24. Nd1 Rc6 25. g4 Nc8 26. Kf2 Nb6 27. Ke2 Nc4
28. Be1 Rdc8 29. Kd3 g5 30. Ra2 Nc7 31. Bg3 Ne6 32. Rf3 R6c7 33. h3 Kh7 34. Rf5
Ra8 35. h4 gxh4 36. Bxh4 b6 37. Nb2 Nxb2+ 38. Rxb2 Kg6 39. Rf1 Rac8 40. Rb3 Rc6
41. b5 axb5 42. Be1 Nc7 43. Bd2 Ra8 44. Rb2 Rc4 45. Rfb1 Rc6 46. Rf1 Re6 47.
Rbb1 Ree8 48. Ra1 Ra5 49. Rae1 Ra3 50. Rb1 Ra2 51. Ra1 Rxa1 52. Rxa1 Ra8 53. Rf1
Ne6 54. Rb1 Ra5 55. Be3 Kf7 56. Bd2 Ke7 57. Be3 Kd7 58. Rf1 Ke7 59. Rb1 Nc7 60.
Bc1 Ra2 61. Bd2 Ra8 62. Bc1 Kd7 63. Bd2 Rf8 64. Ke2 Kc6 65. Ra1 Kb7 66. Rg1 Ne6
67. Be3 Ra8 68. Rf1 Rf8 69. Rg1 Kc6 70. Bd2 b4 71. Rc1 bxc3 72. Rxc3+ Kb7 73.
Be3 Rc8 74. Rb3 Rc2+ 75. Kf3 Rc4 76. g5 hxg5 77. Kg4 g6 78. Rb1 Rc2 79. Rh1 Rc3
80. Rh7+ Rc7 81. Rh6 Nxd4 82. Rxg6 Nc6 83. Kxg5 Nxe5 84. Rxb6+ Kc8 85. Kf5 Nc4
86. Rb3 Rf7+ 87. Ke6 Rf3 88. Kxd5 Nxe3+ 89. Ke4 1/2-1/2

[Event "48th Italian Teams 2016"]
[Site "Civitanova Marche ITA"]
[Date "2016.04.27"]
[Round "1.4"]
[Board "1"]
[White "Mazzilli, Piero"]
[Black "Iordachescu, Viorel"]
[Result "1/2-1/2"]
[WhiteTitle "FM"]
[BlackTitle "GM"]
[WhiteElo "2351"]
[BlackElo "2581"]
[WhiteTeam "Banca Nuova Palermo"]
[BlackTeam "Partenopea Westend Napoli"]
[WhiteFideId "807087"]
[BlackFideId "13900200"]
[EventDate "2016.04.27"]

1. e4 c6 2. d4 d5 3. Nd2 dxe4 4. Nxe4 Bf5 5. Ng3 Bg6 6. N1e2 e6 7. Nf4 Bd6 8. c3
Nf6 9. h4 Bxf4 10. Bxf4 h6 11. h5 Bh7 12. Be2 O-O 13. O-O Nd5 14. Bd2 Qc7 15.
Qc1 c5 16. c4 Nf6 17. Bf4 Qe7 18. dxc5 Qxc5 19. Qc3 Nc6 20. Bxh6 Nd4 21. Be3
Nxe2+ 22. Nxe2 Qxh5 23. f3 Rfc8 24. Nf4 Qf5 25. b3 e5 26. g4 Qc2 27. Qxe5 Re8
28. Qd4 Rad8 29. Qxa7 Qc3 30. Ng2 1/2-1/2

[Event "48th Italian Teams 2016"]
[Site "Civitanova Marche ITA"]
[Date "2016.04.27"]
[Round "1.4"]
[Board "2"]
[White "Collutiis, Duilio"]
[Black "Amato, Andrea"]
[Result "1-0"]
[WhiteTitle "IM"]
[BlackTitle "FM"]
[WhiteElo "2466"]
[BlackElo "2293"]
[WhiteTeam "Partenopea Westend Napoli"]
[BlackTeam "Banca Nuova Palermo"]
[WhiteFideId "805475"]
[BlackFideId "813222"]
[EventDate "2016.04.27"]

1. e4 e6 2. d4 d5 3. Nd2 Nf6 4. e5 Nfd7 5. c3 c5 6. Bd3 Nc6 7. Ndf3 cxd4 8. cxd4
f6 9. exf6 Nxf6 10. Ne2 Bd6 11. O-O Qc7 12. Bg5 O-O 13. Bh4 Bd7 14. Bg3 Nh5 15.
Bxd6 Qxd6 16. Qd2 h6 17. Qe3 Nf4 18. Nxf4 Qxf4 19. Rfe1 a6 20. Rad1 Kh8 21. Bb1
Rf6 22. Qd3 g6 23. Re3 Raf8 24. Qe2 g5 25. h3 g4 26. Qc2 R8f7 27. g3 Qb8 28.
hxg4 Qg8 29. Qe2 Qxg4 30. Ne5 Nxe5 31. Rxe5 Qh3 32. Rh5 Bb5 33. Qe5 Qg4 34. Rd2
Kg8 35. Rh4 Qg7 36. Bc2 Qf8 37. a3 Rg7 38. a4 Rg5 39. Qe3 Be8 40. f4 Rg7 41. Kh2
Qe7 42. Qe5 h5 43. Re2 Qf8 44. Bd3 Bg6 45. Bxg6 Rfxg6 46. Rxh5 Qe8 47. f5 Rf6
48. fxe6 Qg6 49. e7 Rxe7 50. Qxd5+ Qf7 51. Rxe7 Rf2+ 52. Kh3 1-0

[Event "48th Italian Teams 2016"]
[Site "Civitanova Marche ITA"]
[Date "2016.04.27"]
[Round "1.4"]
[Board "3"]
[White "Genovese, Maurizio"]
[Black "Piscopo, Pierluigi"]
[Result "1/2-1/2"]
[WhiteTitle "FM"]
[BlackTitle "IM"]
[WhiteElo "2251"]
[BlackElo "2431"]
[WhiteTeam "Banca Nuova Palermo"]
[BlackTeam "Partenopea Westend Napoli"]
[WhiteFideId "802930"]
[BlackFideId "809152"]
[EventDate "2016.04.27"]

1. d4 Nf6 2. c4 e6 3. Nf3 c5 4. e3 cxd4 5. Nxd4 Bb4+ 6. Bd2 Be7 7. Be2 O-O 8.
O-O Nc6 9. Nc3 d5 10. cxd5 Nxd4 11. exd4 Nxd5 12. Bf3 b6 13. Nxd5 exd5 14. Qb3
Be6 15. Bb4 Bxb4 16. Qxb4 Rc8 17. Qd2 h6 18. Rac1 Qd7 19. g3 Bg4 20. Bh1 Be6 21.
h4 1/2-1/2

[Event "48th Italian Teams 2016"]
[Site "Civitanova Marche ITA"]
[Date "2016.04.27"]
[Round "1.4"]
[Board "4"]
[White "Lagumina, Giulio"]
[Black "Bifulco, Michel"]
[Result "1/2-1/2"]
[WhiteTitle "FM"]
[WhiteElo "2311"]
[BlackElo "2175"]
[WhiteTeam "Partenopea Westend Napoli"]
[BlackTeam "Banca Nuova Palermo"]
[WhiteFideId "800619"]
[BlackFideId "828580"]
[EventDate "2016.04.27"]

1. e4 c5 2. Nf3 Nc6 3. Bb5 g6 4. Bxc6 dxc6 5. d3 Bg7 6. h3 e5 7. Be3 Qe7 8. Nc3
Nf6 9. Qd2 O-O 10. Bh6 Ne8 11. Nh2 f6 12. Bxg7 Nxg7 13. f4 exf4 14. Qxf4 Ne6 15.
Qh4 Nd4 16. O-O-O a5 17. Ng4 Bxg4 18. hxg4 Rf7 19. Rdf1 Qe5 20. Qh2 Re8 21. Qxe5
Rxe5 22. Rf2 Nb5 23. Nxb5 cxb5 24. Rf4 Kg7 1/2-1/2

[Event "48th Italian Teams 2016"]
[Site "Civitanova Marche ITA"]
[Date "2016.04.27"]
[Round "1.5"]
[Board "1"]
[White "Bosiocic, Marin"]
[Black "Djukic, Nikola"]
[Result "1-0"]
[WhiteTitle "GM"]
[BlackTitle "GM"]
[WhiteElo "2564"]
[BlackElo "2563"]
[WhiteTeam "SST 1904"]
[BlackTeam "SS Torinese A"]
[WhiteFideId "14507927"]
[BlackFideId "922412"]
[EventDate "2016.04.27"]

1. e4 c5 2. Nf3 Nc6 3. d4 cxd4 4. Nxd4 Qc7 5. Nc3 e6 6. Be3 a6 7. Qf3 d6 8. Nxc6
bxc6 9. Qg3 Nf6 10. O-O-O Be7 11. Bc4 O-O 12. h4 Kh8 13. f3 a5 14. Bb3 Rb8 15.
Qf2 c5 16. g4 Qb7 17. e5 dxe5 18. Bxc5 Bxc5 19. Qxc5 Nd7 20. Qe7 Kg8 21. Rd3 Nf6
22. Qxb7 Bxb7 23. g5 Nh5 24. Re3 Ra8 25. Rd1 Nf4 26. Rd7 Bc6 27. Rd6 Ng2 28.
Rxe5 Bxf3 29. Rd4 Rfd8 30. Rc4 Kf8 31. a4 Rac8 32. Rxa5 Rxc4 33. Bxc4 Rd4 34.
Rc5 Ne3 35. Bd3 Rxh4 36. b3 Rh1+ 37. Kb2 h5 38. gxh6 Rxh6 39. a5 f5 40. Rc7 g5
41. a6 Nd5 42. Nxd5 Bxd5 43. a7 Rf6 44. Ba6 Rf7 45. Rb7 1-0

[Event "48th Italian Teams 2016"]
[Site "Civitanova Marche ITA"]
[Date "2016.04.27"]
[Round "1.5"]
[Board "2"]
[White "Yao, Stefano"]
[Black "Lostuzzi, Manlio"]
[Result "1/2-1/2"]
[BlackTitle "FM"]
[WhiteElo "2238"]
[BlackElo "2422"]
[WhiteTeam "SS Torinese A"]
[BlackTeam "SST 1904"]
[WhiteFideId "894877"]
[BlackFideId "802441"]
[EventDate "2016.04.27"]

1. d4 f5 2. Nc3 Nf6 3. Bg5 d5 4. Bxf6 exf6 5. e3 Be6 6. Bd3 Nc6 7. a3 Qd7 8. Qf3
O-O-O 9. h4 Bd6 10. Nh3 Ne7 11. Nb5 c6 12. Nxd6+ Qxd6 13. O-O-O Rdg8 14. Nf4 Bf7
15. Qh3 Qd7 16. h5 Rf8 17. Be2 Be6 18. Kb1 Rhg8 19. Rc1 Kb8 20. Ka1 Ka8 21. Qg3
Bf7 22. c4 dxc4 23. Bxc4 Bxc4 24. Rxc4 Nc8 25. d5 cxd5 26. Rd4 Nb6 27. Rhd1 Rd8
28. Qf3 Qc8 29. Nxd5 Nxd5 30. Rxd5 g6 31. h6 a6 32. Kb1 Rge8 33. Rd6 Rxd6 34.
Rxd6 Qc4 35. Qd1 Qe4+ 36. Ka1 Qxg2 37. Rd8+ Rxd8 38. Qxd8+ Ka7 39. Qd4+ Kb8 40.
Qd8+ Ka7 41. Qd4+ 1/2-1/2

[Event "48th Italian Teams 2016"]
[Site "Civitanova Marche ITA"]
[Date "2016.04.27"]
[Round "1.5"]
[Board "3"]
[White "Barp, Alberto"]
[Black "Davi, Alessandro"]
[Result "1-0"]
[WhiteTitle "FM"]
[WhiteElo "2297"]
[BlackElo "2207"]
[WhiteTeam "SST 1904"]
[BlackTeam "SS Torinese A"]
[WhiteFideId "872555"]
[BlackFideId "832383"]
[EventDate "2016.04.27"]

1. d4 d5 2. c4 e6 3. Nf3 Nf6 4. Nc3 Be7 5. Bf4 O-O 6. e3 b6 7. cxd5 exd5 8. Bd3
Bb7 9. h3 a6 10. O-O Nbd7 11. Rc1 c5 12. Ne5 Re8 13. Bb1 Nf8 14. Qd3 Ne6 15. Bh2
g6 16. Rfd1 Bd6 17. Nf3 Bxh2+ 18. Kxh2 Rc8 19. Kg1 Qe7 20. Re1 Qd8 21. Rcd1 Qc7
22. Ne5 cxd4 23. exd4 Kg7 24. a3 b5 25. Ba2 Qd6 26. Re3 Rc7 27. Rde1 Rce7 28.
Qd2 Nd7 29. Nxd7 Rxd7 30. Bb3 Red8 31. Re5 Qb6 32. Ne2 Rc8 33. Rd1 a5 34. Nf4
Nxf4 35. Qxf4 Qf6 36. Qg4 Rcc7 37. Qe2 Bc6 38. Rc1 Qf4 39. Qe3 Qxe3 40. Rxe3 Bb7
41. Rec3 Rxc3 42. Rxc3 Re7 43. Rc5 a4 44. Bxd5 Re1+ 45. Kh2 Bxd5 46. Rxd5 b4 47.
axb4 Re2 48. Ra5 Rxf2 49. Rxa4 Rxb2 50. Kg3 Kf6 51. Kf3 h5 52. Ra6+ Ke7 53. Ra4
Ke6 54. h4 Rd2 55. b5 Rb2 56. Ra5 Kd5 57. Ra7 f6 58. Ra6 Rb3+ 59. Kf2 Rb2+ 60.
Kg3 Rb3+ 61. Kh2 g5 62. Rxf6 Kxd4 63. Rf5 gxh4 64. Rxh5 h3 65. Rh4+ Ke5 66. Rxh3
Rb1 67. Rh5+ Kf4 68. Rc5 Rb4 69. Kh3 Rb3+ 70. Kh4 Rb4 71. g4 Rb1 72. Rf5+ Ke4
73. Kg5 Rg1 74. b6 Rb1 75. Rf6 1-0